Moral stories: (Record no. 55633)

MARC details
000 -LEADER
fixed length control field 03291ngm a2200493 4500
001 - CONTROL NUMBER
control field DVD-007837-7845
003 - CONTROL NUMBER IDENTIFIER
control field dpl
005 - DATE AND TIME OF LATEST TRANSACTION
control field 20110818155816.0
006 - FIXED-LENGTH DATA ELEMENTS--ADDITIONAL MATERIAL CHARACTERISTICS--GENERAL INFORMATION
fixed length control field a|||||r|||||00| 0
007 - PHYSICAL DESCRIPTION FIXED FIELD--GENERAL INFORMATION
fixed length control field CD
008 - FIXED-LENGTH DATA ELEMENTS--GENERAL INFORMATION
fixed length control field ||||||sp199 xxu|||||c ||| 00| 0 eng d
010 ## - LIBRARY OF CONGRESS CONTROL NUMBER
LC control number DVD-007837-7845
024 ## - OTHER STANDARD IDENTIFIER
Standard number or code KVCD-4530
Terms of availability 75.00
035 ## - SYSTEM CONTROL NUMBER
System control number DVD-007837-7845
037 ## - SOURCE OF ACQUISITION
Source of stock number/acquisition Pioneers Office Automation
040 ## - CATALOGING SOURCE
Original cataloging agency DPL
Transcribing agency DPL
082 ## - DEWEY DECIMAL CLASSIFICATION NUMBER
Classification number DVD / MORA
245 ## - TITLE STATEMENT
Title Moral stories:
Statement of responsibility, etc presented by Bhadrik Veera
Medium [videorecording] DVD
Remainder of title Hare & tortoise /
246 ## - VARYING FORM OF TITLE
Title proper/short title Ninteen Forty Seven The Earth
260 ## - PUBLICATION, DISTRIBUTION, ETC. (IMPRINT)
Name of publisher, distributor, etc Krunal Entertainments
Place of publication, distribution, etc Mumbai
300 C# - PHYSICAL DESCRIPTION
Extent Pt. 5-1 videodisc CD
Other physical details sd., col. ;
Dimensions 4 3/4 in.
Type of unit CD
440 ## - SERIES STATEMENT/ADDED ENTRY--TITLE
9 (RLIN) 33048
500 ## - GENERAL NOTE
General note Animated stories
500 ## - GENERAL NOTE
General note Contain Stories: Lion and Mouse, Hare & Tortoise, The Golden Touch, The Crow & The Necklace
538 ## - SYSTEM DETAILS NOTE
System details note Dolby Digital 5.1 - Hindi Subtitles: English
650 ## - SUBJECT ADDED ENTRY--TOPICAL TERM
Topical term or geographic name as entry element Animated Movie
9 (RLIN) 33049
700 ## - ADDED ENTRY--PERSONAL NAME
Personal name Narsimhan, N.K.
9 (RLIN) 33050
700 ## - ADDED ENTRY--PERSONAL NAME
Personal name Bidyananda Singh, N.
9 (RLIN) 33051
700 ## - ADDED ENTRY--PERSONAL NAME
Personal name Mujeer, Jostin P.J. Zohra
9 (RLIN) 33052
700 ## - ADDED ENTRY--PERSONAL NAME
Personal name Rai, Raghunath K. Brajesh
9 (RLIN) 33053
700 ## - ADDED ENTRY--PERSONAL NAME
Personal name Gupta, Vijay Kumar
9 (RLIN) 33054
942 ## - ADDED ENTRY ELEMENTS (KOHA)
Item type CD-ROMs, DVDs, VHS
Source of classification or shelving scheme Dewey Decimal Classification
Classification part CD
Call number suffix MORA
Holdings
Withdrawn status Lost status Source of classification or shelving scheme Damaged status Not for loan Collection code Home library Current library Date acquired Source of acquisition Cost, normal purchase price Total Checkouts Full call number Barcode Date last seen Date last borrowed Copy number Cost, replacement price Price effective from Koha item type Total Renewals
    Dewey Decimal Classification     Fiction Central Library Central Library 19/08/2011 Pioneers Office Automation/157/19.5.11/295/28.3.11/14.7.11 75.00 2 CD MORA DVD-007837 10/09/2012 25/08/2012 1 75.00 19/08/2011 CD-ROMs, DVDs, VHS  
    Dewey Decimal Classification     Fiction Janak Puri Janak Puri 19/08/2011 Pioneers Office Automation/157/19.5.11/295/28.3.11/14.7.11 75.00 3 CD MORA DVD-007839 26/03/2013 20/03/2013 1 75.00 19/08/2011 CD-ROMs, DVDs, VHS 1
    Dewey Decimal Classification     Fiction Karol Bagh Karol Bagh 19/08/2011 Pioneers Office Automation/157/19.5.11/295/28.3.11/14.7.11 75.00 2 CD MORA DVD-007843 07/10/2014 23/09/2014 1 75.00 19/08/2011 CD-ROMs, DVDs, VHS  
    Dewey Decimal Classification     Fiction Narela Narela 19/08/2011 Pioneers Office Automation/157/19.5.11/295/28.3.11/14.7.11 75.00 2 CD MORA DVD-007844 28/01/2013 28/01/2013 1 75.00 19/08/2011 CD-ROMs, DVDs, VHS  
    Dewey Decimal Classification     Fiction Patel Nagar Patel Nagar 19/08/2011 Pioneers Office Automation/157/19.5.11/295/28.3.11/14.7.11 75.00 4 CD MORA DVD-007838 30/12/2017 18/12/2017 1 75.00 19/08/2011 CD-ROMs, DVDs, VHS  
    Dewey Decimal Classification     Fiction R.K.Puram-8 R.K.Puram-8 19/08/2011 Pioneers Office Automation/157/19.5.11/295/28.3.11/14.7.11 75.00   CD MORA DVD-007841 19/08/2011   1 75.00 19/08/2011 CD-ROMs, DVDs, VHS  
    Dewey Decimal Classification     Fiction Sarojini Nagar Sarojini Nagar 19/08/2011 Pioneers Office Automation/157/19.5.11/295/28.3.11/14.7.11 75.00 5 CD MORA DVD-007840 06/04/2013 30/03/2013 1 75.00 19/08/2011 CD-ROMs, DVDs, VHS 1
    Dewey Decimal Classification     Fiction Shahdara Branch Shahdara Branch 19/08/2011 Pioneers Office Automation/157/19.5.11/295/28.3.11/14.7.11 75.00   CD MORA DVD-007845 19/08/2011   1 75.00 19/08/2011 CD-ROMs, DVDs, VHS  
    Dewey Decimal Classification     Fiction Vinoba Puri Vinoba Puri 19/08/2011 Pioneers Office Automation/157/19.5.11/295/28.3.11/14.7.11 75.00 1 CD MORA DVD-007842 27/02/2014 10/01/2014 1 75.00 19/08/2011 CD-ROMs, DVDs, VHS  

© Delhi Public Library
Hit Counter
free hit counter